Veletrhy jako komunikační médium?
Pozícia veľtrhov v komunikačnom mixe firiem. Veľtrhy a výstavy ako médiá skupinovej komunikácie, ktoré zároveň vytvárajú špecifické a inšpiratívne prostredie pre intenzívnu interpersonálnu komunikáciu. Budúcnosť veľtrhov je v náraste špecializovaných veľtrhov s výrazným inovatívnym prínosom a bohatý...
Enregistré dans:
| Auteur principal: | |
|---|---|
| Format: | Chapitre de livre |
| Langue: | tchèque |
| Sujets: | |
| Tags: |
Pas de tags, Soyez le premier à ajouter un tag!
|
MARC
| LEADER | 00000naa a2200000 4500 | ||
|---|---|---|---|
| 001 | r047331 | ||
| 005 | 20230921120713.6 | ||
| 041 | 0 | |a cze | |
| 044 | |a CZ | ||
| 245 | 1 | 0 | |a Veletrhy jako komunikační médium? |c Dušan Pavlů |
| 520 | |a Pozícia veľtrhov v komunikačnom mixe firiem. Veľtrhy a výstavy ako médiá skupinovej komunikácie, ktoré zároveň vytvárajú špecifické a inšpiratívne prostredie pre intenzívnu interpersonálnu komunikáciu. Budúcnosť veľtrhov je v náraste špecializovaných veľtrhov s výrazným inovatívnym prínosom a bohatým odborným doprovodným programom. | ||
| 610 | 2 | 0 | |a veľtrhy |
| 610 | 2 | 0 | |a výstavy |
| 610 | 2 | 0 | |a komunikácia interpersonálna |
| 610 | 2 | 0 | |a komunikácia marketingová |
| 100 | 1 | |a Pavlů, Dušan | |